Top 100 prénoms garçon 2001 à 2010 - Statistiques

Statistiques générales
  • Ce quiz a été pris 2 855 fois
    2 557 depuis la dernière actualisation
  • Le résultat moyen est 41 sur 100
Statistiques - réponses
Hint Première lettre Réponse % Correct
3 T Théo
89%
1 T Thomas
85%
22 L Léo
84%
2 L Lucas
81%
5 J Julien
77%
11 L Louis
77%
67 A Alex
76%
16 P Paul
76%
36 J Jules
75%
6 H Hugo
73%
35 N Nathan
73%
10 A Antoine
72%
17 Q Quentin
72%
12 K Kevin
68%
4 A Alexandre
67%
33 T Tom
66%
7 M Maxime
65%
47 V Victor
64%
23 A Arthur
63%
59 N Noa
63%
13 V Valentin
63%
28 P Pierre
60%
30 M Mathis
59%
14 R Romain
59%
9 E Enzo
57%
58 G Gabriel
57%
24 M Mathieu
55%
25 B Baptiste
54%
8 N Nicolas
53%
26 W William
52%
15 A Alexis
51%
38 M Mathéo
51%
40 R Raphaël
51%
68 N Noé
50%
48 K Kylian
49%
72 C Clément
47%
37 A Axel
44%
29 B Bastien
44%
31 N Noah
44%
65 Y Yanis
44%
39 A Anthony
43%
42 M Martin
43%
19 A Adrien
42%
41 D David
42%
44 E Ethan
42%
63 M Maxence
42%
32 C Corentin
40%
18 F Florian
40%
87 M Maël
40%
21 B Benjamin
39%
81 M Mohamed
39%
70 T Timéo
39%
90 Y Yann
39%
73 V Vincent
38%
61 S Simon
36%
49 T Thibault
36%
50 G Guillaume
35%
64 N Nolan
35%
60 A Adam
34%
98 E Eliot
34%
43 J Jeremy
34%
27 D Dorian
33%
46 S Sacha
33%
78 E Evan
32%
52 M Mathias
32%
20 M Mattéo
32%
53 T Titouan
32%
89 G Gabin
30%
95 L Liam
30%
34 D Dylan
29%
62 R Robin
29%
83 T Timothée
28%
66 M Matéo
27%
57 O Oscar
27%
94 E Esteban
24%
79 G Gaspard
24%
80 R Rayan
24%
93 E Emilien
23%
55 L Loïc
23%
77 N Nino
23%
75 M Marius
21%
84 M Mathys
19%
56 N Noam
19%
45 A Aaron
18%
54 E Erwan
18%
91 N Naël
18%
69 A Augustin
16%
51 E Eliott
16%
99 I Ilan
15%
74 L Lenny
14%
97 M Milan
14%
76 A Alan
13%
100 K Kenzo
13%
82 L Lorenzo
12%
71 R Rafaël
12%
92 D Diego
11%
86 L Loan
11%
85 L Luka
11%
88 R Ruben
9%
96 E Ewen
8%
Aucun quiz correspondant
Distribution des résultats
% des personnes avec chaque résultat
Percentile par nombre de réponses
Votre historique - résultats
Vous n’avez pas pris ce quiz depuis la dernière actualisation